Представление документа в формате MARC21

Поле Инд. ПП Название Значение
Тип записи a
Библиографический уровень a
001 Контрольный номер RU/IS/BASE/121181977
005 Дата корректировки 20240621113358.5
084 a Индекс другой классификации/Индекс ББК 60.0; 60.03; 86.210.1
090 00 a Полочн. индекс 87.3(2)521-564я43
x Авторский знак Ч-12
100 10 a Автор Мережковский Д. С.
q Полное имя Мережковский Дмитрий Сергеевич
245 00 a Заглавие Чаадаев (1794-1856)
600 14 a Персоналии Чаадаев Петр Яковлевич
650 04 a Основная рубрика социальная философия
a Основная рубрика философия
a Основная рубрика философия истории
653 00 a Ключевые слова "Философические письма"
a Ключевые слова XIX век
a Ключевые слова Бог
a Ключевые слова всеединство
a Ключевые слова Вселенная
a Ключевые слова европейский путь развития
a Ключевые слова единство
a Ключевые слова истина
a Ключевые слова исторический процесс
a Ключевые слова история философии
a Ключевые слова католицизм
a Ключевые слова мировоззрение
a Ключевые слова мистицизм
a Ключевые слова национальная идея
a Ключевые слова новое время
a Ключевые слова общественная мысль
a Ключевые слова покаяние
a Ключевые слова политические взгляды
a Ключевые слова православие
a Ключевые слова преемственность
a Ключевые слова прогресс
a Ключевые слова религиозная философия
a Ключевые слова религиозное сознание
a Ключевые слова религиозные идеи
a Ключевые слова римско-католическая церковь
a Ключевые слова Россия
a Ключевые слова русская интеллигенция
a Ключевые слова русская мысль
a Ключевые слова Русская православная церковь
a Ключевые слова русское общество
a Ключевые слова свобода
a Ключевые слова социальные проблемы
a Ключевые слова спасение
a Ключевые слова философская мысль
a Ключевые слова философы
a Ключевые слова христианство
a Ключевые слова человечество
773 00 d Дата издания источника Санкт-Петербург, 1998
g Прочая информация С. 407-418
t Заглавие источника П. Я. Чаадаев: pro et contra
w Контрольный № источника RU/IS/BASE/102083933
901 t Тип документа a